Every Gta game 1997-2021 - Statistics

General Stats
  • This quiz has been taken 98 times
  • The average score is 7 of 17
Answer Stats
Hint Answer % Correct
1997 Grand Theft Auto
100%
1999 Grand Theft Auto 2
59%
2001 Grand Theft Auto 3
57%
2013 Grand Theft Auto V
54%
2004 Grand Theft Auto: San Andreas
49%
2008 Grand Theft Auto IV
48%
2002 Grand Theft Auto: Vice City
48%
1999 Grand Theft Auto: London
42%
2005 Grand Theft Auto: Liberty City Stories
38%
2004 Grand Theft Auto Advance
35%
2013 Grand Theft Auto Online
35%
2006 Grand Theft Auto: Vice City Stories
35%
2009 Grand Theft Auto: Chinatown Wars
33%
2009 Grand Theft Auto: The Ballad of Gay Tony
27%
1999 Grand Theft Auto: London, 1961
23%
2009 Grand Theft Auto IV: The Lost and Damned
15%
2021 Grand Theft Auto: The Trilogy – The Definitive Edition
8%
No matching quizzes found
Score Distribution
Percent of People with Each Score
Percentile by Number Answered
Your Score History
You have not taken this quiz